[Event "COL Subzt 2.3.4"]
[Site "Risarald"]
[Date "2021.11.24"]
[Round "3"]
[White "Nino Penaloza, Cesar Gerardo"]
[Black "Garcia, Juan Jose1111"]
[Result "1-0"]
[WhiteElo "1889"]
[BlackElo "1559"]
[PlyCount "59"]
[EventDate "2021.11.23"]
[EventType "swiss"]
[EventRounds "9"]
[EventCountry "COL"]
[SourceTitle "CBM 205 Extra"]
[Source "ChessBase"]
[SourceDate "2022.01.31"]
[SourceVersion "1"]
[SourceVersionDate "2022.01.31"]
[SourceQuality "1"]

1. d4 Nf6 2. c4 g6 3. Nc3 Bg7 4. e4 d6 5. Bg5 0-0 6. f3 c5 7. d5 e6 8. Bd3 exd5 9. exd5 h6 10. Bh4 Re8+ 11. Nge2 Nbd7 12. f4 a6 13. a4 Qa5 14. 0-0 Ng4 15. Qd2 Qb4 16. Rf3 Nb6 17. b3 Bf5 18. h3 Nf6 19. Bxf5 gxf5 20. Qc2 Ne4 21. a5 Nxc3 22. Nxc3 Nxc4 23. bxc4 b5 24. axb6 Qxb6 25. Rg3 Kf8 26. Qxf5 Qb2 27. Rb1 Qd2 28. Rb7 Bd4+ 29. Kh2 f6 30. Rg8+ 1-0

[Event "COL-chC"]
[Site "Bogota"]
[Date "2019.08.29"]
[Round "3"]
[White "Pereira Vera, Henry Alberto"]
[Black "Nino Penaloza, Cesar Gerardo"]
[Result "0-1"]
[WhiteElo "1806"]
[BlackElo "1895"]
[PlyCount "114"]
[EventDate "2019.08.28"]
[EventType "swiss"]
[EventRounds "7"]
[EventCountry "COL"]
[SourceTitle "EXT 2020"]
[Source "ChessBase"]
[SourceDate "2019.10.17"]
[SourceVersion "1"]
[SourceVersionDate "2019.10.17"]
[SourceQuality "1"]

1. b3 d5 2. Bb2 Nf6 3. Nf3 c5 4. g3 Nc6 5. Bg2 Qc7 6. 0-0 e5 7. d3 h6 8. Nbd2 Be6 9. e4 0-0-0 10. exd5 Nxd5 11. Nc4 f6 12. a4 g5 13. a5 a6 14. Nfd2 h5 15. h3 h4 16. Bxd5 Bxd5 17. Nb6+ Kb8 18. Nxd5 Rxd5 19. Qf3 Rd6 20. g4 Be7 21. Nc4 Rdd8 22. Ne3 Nb4 23. Bc3 Rd7 24. Bxb4 cxb4 25. Nc4 Rf8 26. Rfe1 Bc5 27. Qf5 Bd4 28. Rad1 e4 29. Rxe4 Qg3+ 30. Kf1 Qxh3+ 31. Ke2 Rfd8 32. Nb6 Rd6 33. Re6 Qh2 34. Rf1 Bxb6 35. axb6 Rxe6+ 36. Qxe6 Qd6 37. Qxd6+ Rxd6 38. f4 Rxb6 39. fxg5 fxg5 40. d4 Re6+ 41. Kd3 Kc7 42. Rf7+ Kc6 43. Rh7 b5 44. Rh5 Rg6 45. Ke4 a5 46. Ke5 a4 47. d5+ Kc5 48. Rh8 a3 49. Rc8+ Kb6 50. d6 Rg7 51. Ke6 h3 52. d7 Rxd7 53. Kxd7 h2 54. Rc6+ Ka5 55. Rh6 a2 56. Rxh2 a1Q 57. Rh5 Qd4+ 0-1

[Event "Tunja Boyaca op-B"]
[Site "Tunja"]
[Date "2019.08.02"]
[Round "4"]
[White "Hernandez Pinzon, Helvert"]
[Black "Nino Penaloza, Cesar Gerardo"]
[Result "1/2-1/2"]
[WhiteElo "1986"]
[BlackElo "1895"]
[PlyCount "73"]
[EventDate "2019.07.31"]
[EventType "swiss"]
[EventRounds "9"]
[EventCountry "COL"]
[SourceTitle "EXT 2020"]
[Source "ChessBase"]
[SourceDate "2019.10.17"]
[SourceVersion "1"]
[SourceVersionDate "2019.10.17"]
[SourceQuality "1"]

1. e4 c5 2. Nf3 d6 3. d4 cxd4 4. Nxd4 Nf6 5. Nc3 a6 6. Be3 e5 7. Nb3 Be6 8. f3 Nbd7 9. Qd2 Be7 10. 0-0-0 h5 11. g3 Qc7 12. Kb1 b5 13. Nd5 Bxd5 14. exd5 Nb6 15. Bxb6 Qxb6 16. h3 a5 17. Qe2 Rb8 18. f4 a4 19. fxe5 dxe5 20. Qxe5 axb3 21. d6 bxc2+ 22. Kxc2 Qc6+ 23. Kb1 Qe4+ 24. Qxe4 Nxe4 25. dxe7 Nf2 26. Rd8+ Kxe7 27. Rxh8 Rxh8 28. Rh2 Ne4 29. Re2 f5 30. Bg2 Kd6 31. Bxe4 fxe4 32. Rxe4 Rf8 33. Re3 Rf2 34. a3 g5 35. Re8 Rf3 36. Rh8 Rxg3 37. Rxh5 1/2-1/2

[Event "Tunja Boyaca op-B"]
[Site "Tunja"]
[Date "2019.08.01"]
[Round "3"]
[White "Nino Penaloza, Cesar Gerardo"]
[Black "Mogollon Tobar, Nicolle Juliet"]
[Result "1-0"]
[WhiteElo "1895"]
[BlackElo "1606"]
[PlyCount "57"]
[EventDate "2019.07.31"]
[EventType "swiss"]
[EventRounds "9"]
[EventCountry "COL"]
[SourceTitle "EXT 2020"]
[Source "ChessBase"]
[SourceDate "2019.10.17"]
[SourceVersion "1"]
[SourceVersionDate "2019.10.17"]
[SourceQuality "1"]

1. d4 d5 2. c4 e6 3. Nc3 Nf6 4. Nf3 Be7 5. Bg5 0-0 6. e3 h6 7. Bh4 b6 8. Bxf6 Bxf6 9. cxd5 exd5 10. Bd3 Be6 11. 0-0 Be7 12. Rc1 a6 13. Ne5 Bd6 14. f4 Bxe5 15. fxe5 Qg5 16. Rf4 c5 17. Qf3 cxd4 18. exd4 Nc6 19. Rf1 Qd8 20. Ne2 b5 21. Bb1 Qb6 22. Qd3 g6 23. Kh1 Ne7 24. Rf6 Qd8 25. Ng3 Rc8 26. h4 Qd7 27. h5 Bf5 28. Nxf5 Nxf5 29. hxg6 1-0

[Event "Medellin Flores op 25th"]
[Site "Medellin"]
[Date "2018.08.07"]
[Round "9"]
[White "Nino Penaloza, Cesar Gerardo"]
[Black "Romero, Daniela"]
[Result "1-0"]
[WhiteElo "1932"]
[BlackElo "1849"]
[PlyCount "133"]
[EventDate "2018.08.03"]
[EventType "swiss"]
[EventRounds "9"]
[EventCountry "COL"]
[SourceTitle "CBM 185 Extra"]
[Source "ChessBase"]
[SourceDate "2018.07.29"]
[SourceVersion "1"]
[SourceVersionDate "2018.07.29"]
[SourceQuality "1"]

1. d4 d5 2. c4 e6 3. Nc3 Nf6 4. Bg5 Be7 5. e3 0-0 6. Qc2 b6 7. Bxf6 Bxf6 8. cxd5 exd5 9. Bd3 h6 10. Nf3 c5 11. Nxd5 Bb7 12. Nxf6+ Qxf6 13. 0-0 cxd4 14. Nxd4 Na6 15. Be4 Rac8 16. Qb1 Bxe4 17. Qxe4 Nc5 18. Qg4 Nd3 19. Qe2 Nc5 20. Rac1 Rfe8 21. Qg4 Rcd8 22. Rfd1 Rd5 23. b4 Ne4 24. Qe2 Ng5 25. Rc6 Qe7 26. Qc4 Rd7 27. Rc1 Ne4 28. Qb3 Qe5 29. h3 Red8 30. Qa4 Re7 31. R6c2 Red7 32. Rc8 Qe8 33. Qa6 Nd6 34. Rxd8 Qxd8 35. Nc6 Qh4 36. Rd1 Qe4 37. Nb8 Rd8 38. Qxa7 Qc2 39. Rd4 Qc1+ 40. Kh2 Qc8 41. Qxb6 Qxb8 42. Qxb8 Rxb8 43. Rxd6 Rxb4 44. Ra6 Rb2 45. Kg3 Kh7 46. a4 Ra2 47. a5 f6 48. e4 Ra4 49. f3 Ra2 50. Ra7 Kg6 51. a6 h5 52. h4 Ra4 53. Ra8 Ra2 54. a7 Ra4 55. Kf4 Ra5 56. Ke3 Ra4 57. Kd3 Ra2 58. Kd4 Ra1 59. f4 Ra2 60. Kd5 Kf7 61. e5 fxe5 62. fxe5 Rd2+ 63. Ke4 Ra2 64. e6+ Ke7 65. Rg8 Ra4+ 66. Kf5 Ra5+ 67. Kg6 1-0

[Event "Medellin Flores op 25th"]
[Site "Medellin"]
[Date "2018.08.04"]
[Round "3"]
[White "Zapata Cuartas, Juan Carlos"]
[Black "Nino Penaloza, Cesar Gerardo"]
[Result "0-1"]
[WhiteElo "2083"]
[BlackElo "1932"]
[PlyCount "78"]
[EventDate "2018.08.03"]
[EventType "swiss"]
[EventRounds "9"]
[EventCountry "COL"]
[SourceTitle "CBM 185 Extra"]
[Source "ChessBase"]
[SourceDate "2018.07.29"]
[SourceVersion "1"]
[SourceVersionDate "2018.07.29"]
[SourceQuality "1"]

1. d4 d5 2. c4 c6 3. Nf3 Nf6 4. Nc3 e6 5. Bg5 Be7 6. e3 Nbd7 7. Rc1 0-0 8. Bd3 h6 9. Bf4 Re8 10. cxd5 exd5 11. 0-0 Nf8 12. Ne5 Bd6 13. h3 Be6 14. Bh2 Rc8 15. f4 Rc7 16. g4 N6h7 17. f5 Bc8 18. Qe1 Rce7 19. Bf4 f6 20. Ng6 Nxg6 21. fxg6 Nf8 22. Qd2 Ne6 23. Nxd5 cxd5 24. Rxc8 Qxc8 25. Bxd6 Rd7 26. Bh2 a6 27. Bf5 Qc6 28. Rc1 Qb6 29. Rc3 Rde7 30. h4 Nd8 31. Bf4 Nc6 32. g5 fxg5 33. hxg5 Rf8 34. Bb1 Re6 35. gxh6 gxh6 36. Qh2 Re7 37. Qh4 Qxb2 38. Rxc6 Qxb1+ 39. Kh2 Rg7 0-1

[Event "Caldense-ch"]
[Site "Manizales"]
[Date "2017.10.27"]
[Round "4"]
[White "Nino Penaloza, Cesar Gerardo"]
[Black "Riascos, Guillermo"]
[Result "1-0"]
[WhiteElo "1954"]
[BlackElo "1799"]
[PlyCount "143"]
[EventDate "2017.10.26"]
[EventType "swiss"]
[EventRounds "8"]
[EventCountry "COL"]
[SourceTitle "CBM 181 Extra"]
[Source "ChessBase"]
[SourceDate "2017.12.12"]
[SourceVersion "1"]
[SourceVersionDate "2017.12.12"]
[SourceQuality "1"]

1. d4 Nf6 2. c4 e6 3. Nc3 d5 4. e3 c6 5. a3 Nbd7 6. Nf3 Bd6 7. Be2 Bc7 8. Qc2 a6 9. b3 Ba5 10. b4 Bc7 11. Bb2 0-0 12. c5 Re8 13. 0-0 Ng4 14. h3 Nh6 15. a4 f5 16. b5 axb5 17. axb5 Rxa1 18. Rxa1 Nf7 19. bxc6 bxc6 20. Ra8 Qe7 21. Qb3 e5 22. Na4 e4 23. Nd2 Nf6 24. Nb6 Be6 25. Qa4 Bxb6 26. cxb6 Qb7 27. Rxe8+ Nxe8 28. Qa7 Bc8 29. Nb3 Qxa7 30. bxa7 Bb7 31. Ba6 Ba8 32. Nc5 Nfd6 33. Bc3 Nc7 34. Ba5 Nxa6 35. Nxa6 Nb5 36. Nc7 Nxc7 37. Bxc7 Kf7 38. h4 Ke6 39. Kh2 Kd7 40. Bb6 h5 41. Kg3 Ke6 42. Kf4 g6 43. Bc5 Bb7 44. Kg3 Ba8 45. Kf4 Bb7 46. Kg5 Kf7 47. f3 Ba8 48. Kf4 Ke6 49. g4 fxg4 50. fxg4 hxg4 51. Kxg4 Bb7 52. Kg5 Kf7 53. Kf4 Ke6 54. Kg3 Ba8 55. Kf2 Kd7 56. Ke2 Kc8 57. Bd6 Bb7 58. Kd2 Ba8 59. Kc3 Kb7 60. Kb4 Kxa7 61. Kc5 Ka6 62. Be5 Bb7 63. Kd6 Kb5 64. Ke6 Kc4 65. Kf6 Kd3 66. Bf4 Kd2 67. Kxg6 Ba6 68. h5 c5 69. dxc5 Kd3 70. h6 d4 71. h7 dxe3 72. h8Q 1-0

[Event "Manizales op 26th"]
[Site "Manizales"]
[Date "2017.01.08"]
[Round "9"]
[White "Nino Penaloza, Cesar Gerardo"]
[Black "Osorio Mendez, Hector"]
[Result "1-0"]
[WhiteElo "1600"]
[BlackElo "1926"]
[PlyCount "77"]
[EventDate "2017.01.04"]
[EventType "swiss"]
[EventRounds "9"]
[EventCountry "COL"]
[SourceTitle "CBM 176 Extra"]
[Source "ChessBase"]
[SourceDate "2017.03.02"]
[SourceVersion "1"]
[SourceVersionDate "2017.03.02"]
[SourceQuality "1"]

1. d4 e6 2. e4 d5 3. e5 c5 4. c3 Nc6 5. Nf3 Be7 6. Bd3 f6 7. 0-0 cxd4 8. cxd4 Qb6 9. Nc3 Bd7 10. Bc2 f5 11. a3 0-0-0 12. Na4 Qc7 13. b4 h6 14. Bb2 a5 15. b5 Na7 16. Rc1 Bxb5 17. Bxf5 Nc6 18. Bxe6+ Kb8 19. Re1 g5 20. Qb3 Bc4 21. Rxc4 dxc4 22. Qxc4 Na7 23. Qb3 b5 24. Rc1 Qb7 25. Nc5 Bxc5 26. Rxc5 Ne7 27. d5 g4 28. Nd4 Qb6 29. Qc2 Rhf8 30. d6 Ng6 31. Nc6+ Nxc6 32. Rxc6 Qa7 33. Rc7 Qb6 34. Qd2 Rf4 35. Bd5 b4 36. Rb7+ Qxb7 37. Bxb7 Kxb7 38. Qd5+ Kb8 39. Bd4 1-0

[Event "Manizales op 26th"]
[Site "Manizales"]
[Date "2017.01.07"]
[Round "7"]
[White "Nino Penaloza, Cesar Gerardo"]
[Black "Torres, Saulo de Jesus"]
[Result "1-0"]
[WhiteElo "1600"]
[BlackElo "1878"]
[PlyCount "53"]
[EventDate "2017.01.04"]
[EventType "swiss"]
[EventRounds "9"]
[EventCountry "COL"]
[SourceTitle "CBM 176 Extra"]
[Source "ChessBase"]
[SourceDate "2017.03.02"]
[SourceVersion "1"]
[SourceVersionDate "2017.03.02"]
[SourceQuality "1"]

1. d4 Nf6 2. c4 e6 3. Nc3 Bb4 4. Qc2 0-0 5. Bg5 h6 6. Bh4 b6 7. e4 Bxc3+ 8. bxc3 g5 9. Bg3 d5 10. e5 Ne4 11. f3 Nxg3 12. hxg3 Kg7 13. Nh3 f5 14. exf6+ Qxf6 15. 0-0-0 Ba6 16. f4 g4 17. Nf2 Rh8 18. Nxg4 Qf5 19. Qxf5 exf5 20. Ne3 Bxc4 21. Bxc4 dxc4 22. Nxf5+ Kg6 23. g4 Nd7 24. Rde1 Nf6 25. Re7 Nxg4 26. Nh4+ Kf6 27. Rhe1 1-0